Công trình trên đất yếu

Αποθηκεύτηκε σε:
Λεπτομέρειες βιβλιογραφικής εγγραφής
Κύριος συγγραφέας: Trần, Quang Hộ
Μορφή: Βιβλίο
Γλώσσα:Undetermined
Έκδοση: TP.HCM Đại học Quốc gia TP.HCM 2009
Θέματα:
Διαθέσιμο Online:http://lrc.tdmu.edu.vn/opac/search/detail.asp?aID=2&ID=3573
Ετικέτες: Προσθήκη ετικέτας
Δεν υπάρχουν, Καταχωρήστε ετικέτα πρώτοι!
Thư viện lưu trữ: Trung tâm Học liệu Trường Đại học Thủ Dầu Một
LEADER 00631nam a2200193Ia 4500
001 TDMU_3573
008 210410s9999 xx 000 0 und d
082 |a 624.1 
090 |b T685 
100 |a Trần, Quang Hộ 
245 0 |a Công trình trên đất yếu 
245 0 |c Trần Quang Hộ 
260 |a TP.HCM 
260 |b Đại học Quốc gia TP.HCM 
260 |c 2009 
300 |a 427tr. 
650 |a Đất xây dựng; Địa chất công trình 
856 |u http://lrc.tdmu.edu.vn/opac/search/detail.asp?aID=2&ID=3573 
980 |a Trung tâm Học liệu Trường Đại học Thủ Dầu Một